| 000 | 00697nam a22002177a 4500 | ||
|---|---|---|---|
| 999 |
_c10662 _d10662 |
||
| 003 | AR-CdUCM | ||
| 008 | 190401b ||||| |||| 00| 0 spa d | ||
| 020 | _a9972728978 | ||
| 040 |
_aMUNICIPALIDAD PROVINCIAL DEL CUSCO _cBIBLIOTECA MUNICIPAL DEL CUSCO |
||
| 082 |
_aEP / 372.460 / _bN29 |
||
| 110 |
_aFondo editorial Navarrete _911579 |
||
| 245 |
_aPalabras mágicas : _bcomunicación integral 2 / |
||
| 260 |
_aLima : _bNavarrete, |
||
| 300 |
_a143 páginas ; _bimágenes. _c27 cm. |
||
| 505 | _aComunicación integral... | ||
| 650 |
_aComunicación integral. _927637 |
||
| 650 |
_aEducación primaria. _91561 |
||
| 650 |
_aEducación inicial. _93463 |
||
| 942 |
_2ddc _cLIBROS |
||
| 945 | _apjha | ||